London Theatres or UK Football Grounds? Quiz Stats

Quiz not verified by Sporcle

Also try: Scary Baby Names
Challenge
Share
Tweet
Embed
Score 0/15 Timer 02:00
0 Plays Today
% Correct
Old Vic
93.8%
Adelphi
93.8%
Barbican
93.4%
Piccadilly
92.2%
Coliseum
91.6%
Garrick
89.8%
Drury Lane
87.8%
Queen's
86.7%
% Correct
Players
84.3%
King's Head
84.1%
Victoria Palace
82.5%
Greenwich
81.9%
Regent's Park
77.1%
The Bunker
68.5%
Jackson's Lane
68.3%

You're not logged in!

Compare scores with friends on all Sporcle quizzes.
Sign Up with Email
OR
Log In

You Might Also Like...

Show Comments

Extras

Top Quizzes Today


Score Distribution

Your Account Isn't Verified!

In order to create a playlist on Sporcle, you need to verify the email address you used during registration. Go to your Sporcle Settings to finish the process.